书目信息 |
| 题名: |
探寻中华文化的基因
|
|
| 作者: | ;复旦大学出土文献与古文字研究中心 编选 | |
| 分册: | 一 | |
| 出版信息: | 北京 商务印书馆 2017 |
|
| 页数: | 417页 | |
| 开本: | 24cm | |
| 丛书名: | 复旦中文学科建设丛书 | |
| 单 册: | ||
| 中图分类: | K877.04-53 , H121-53 , K203-53 | |
| 科图分类: | ||
| 主题词: | 出土文物--文献--中国--文集 , 汉字--古文字学--中国--文集 , 中国--通史 | |
| 电子资源: | ||
| ISBN: | 978-7-100-15476-5 | |
| 000 | 00970oam2 2200289 450 | |
| 001 | 3666 | |
| 005 | 20181009095047.50 | |
| 010 | @a978-7-100-15476-5@dCNY72.00 | |
| 100 | @a20180412d2017 em y0chiy50 ea | |
| 101 | 0 | @achi |
| 102 | @aCN@b110000 | |
| 105 | @ay z 000yy | |
| 200 | 1 | @a探寻中华文化的基因@9tan xun zhong hua wen hua de ji yin@h一@f复旦大学出土文献与古文字研究中心编选 |
| 210 | @a北京@c商务印书馆@d2017 | |
| 215 | @a417页@d24cm | |
| 225 | 2 | @a复旦中文学科建设丛书@i出土文献与古文字研究卷 |
| 461 | 0 | @12001 @a复旦中文学科建设丛书 |
| 462 | 0 | @12001 @a出土文献与古文字研究卷 |
| 606 | 0 | @a出土文物@x文献@y中国@j文集 |
| 606 | 0 | @a汉字@x古文字学@y中国@j文集 |
| 606 | 0 | @a中国@x通史 |
| 690 | @aK877.04-53@v5 | |
| 690 | @aH121-53@v5 | |
| 690 | @aK203-53@v4 | |
| 711 | 02 | @a复旦大学出土文献与古文字研究中心@9fu dan da xue chu tu wen xian yu gu wen zi yan jiu zhong xin@4编选 |
| 801 | 0 | @aCN@b91MARC@c20180412 |
| 905 | @aMuseLib@dK203-53@e312:1 | |
| 探寻中华文化的基因.一/复旦大学出土文献与古文字研究中心编选.-北京:商务印书馆,2017 |
| 417页;24cm.-(复旦中文学科建设丛书.出土文献与古文字研究卷) |
| ISBN 978-7-100-15476-5:CNY72.00 |
| ● |
| 相关链接 |
|
|
|
|
正题名:探寻中华文化的基因
索取号:K203-53/312:1
 
预约/预借
| 序号 | 登录号 | 条形码 | 馆藏地/架位号 | 状态 | 备注 |
| 1 | 1123122 | 211231228 | 第二样本阅览室/ [索取号:K203-53/312:1] | 在馆 | |
| 2 | 1123123 | 211231237 | 第二借阅区/ [索取号:K203-53/312:1] | 在馆 | |
| 3 | 1123124 | 211231246 | 第二借阅区/ [索取号:K203-53/312:1] | 在馆 | |
| 4 | 1123125 | 211231255 | 第二借阅区/ [索取号:K203-53/312:1] | 在馆 | |
| 5 | 1123126 | 211231264 | 密集书库-资源管理系/ [索取号:K203-53/312:1] | 在馆 |